| 000 | 00949nam a2200253 a 4500 | ||
|---|---|---|---|
| 001 | BRL_1916 | ||
| 005 | 20190320211432.0 | ||
| 008 | 180815s1921----gw-#######---#000-0#ger-# | ||
| 041 | _agerfre | ||
| 044 | _agw | ||
| 050 | 4 |
_aPC2129.G3 _b.O88 1921 |
|
| 100 | 1 |
_aOtto, Emil _928226 |
|
| 245 | 1 | 0 |
_aKleine französische Sprachlehre für real, mittel und bürgerschulen, erweiterte dolks, fortbildungs und handelsschelen, für privat lehranstalten _cvon Dr. Emil Otto : neubearbeitet von professor Gottfried Süpfle. |
| 260 |
_aHeidelberg _bJulius Groos, Derlag _c1921 |
||
| 300 |
_axi, 326 p. _c20 cm. _e+ 1 folleto de abreviatura (48 p.- 19 cm) |
||
| 440 | 0 |
_aMethode Gaspen Otto Sauer _928227 |
|
| 500 | _aAu2149 | ||
| 500 | _aEstado físico: Falta parte del lomo. | ||
| 500 | _aTexto: Alemán y frances | ||
| 650 | 1 | 4 |
_aFrances _xLibros de lectura - Alemán _928228 |
| 650 | 1 | 4 |
_aFrances _xGramática _928229 |
| 902 | _aGRL | ||
| 942 |
_2lcc _cB |
||
| 999 |
_c10724 _d10724 |
||